| 000 | 00651nam a2200217Ia 4500 | ||
|---|---|---|---|
| 003 | OSt | ||
| 005 | 20230628163244.0 | ||
| 008 | 210423s9999 xx 000 0 und d | ||
| 040 | _cAL | ||
| 041 | _aeng | ||
| 082 |
_a340 CALH _223 |
||
| 100 |
_aCALL _9118147 |
||
| 245 | _aHindu women and law relating to their marriage divorce maintanace and custody of children | ||
| 260 |
_bCommercial Law Publication _aNew Delhi _c2003 |
||
| 300 | _a16 | ||
| 365 | _cINR | ||
| 650 |
_aLaw _9118148 |
||
| 650 |
_aSocial Sciences _9118149 |
||
| 906 | _achildren ; custody ; divorce ; Hindu ; law ; maintanace ; marriage ; relating ; women | ||
| 942 |
_2ddc _cBK |
||
| 999 |
_c173739 _d173739 |
||